Материалы по ревизии директором Департамента народного просвещения Н.М. Аничковым народных училищ Тверской губернии

Доступно только в Электронных читальных залах Найти на картеНа карте
RUSMARC
00003782nmc2a22002533x 450
0016d267d15-7566-48c3-bce9-e99dba3874e6
00520230810203257.0
100##$a20221222l18921892k l0rusy0189 ca
1010#$arus
102##$aRU
105##$ay###
1222#$ad
2001#$aМатериалы по ревизии директором Департамента народного просвещения Н.М. Аничковым народных училищ Тверской губернии
$j20 сентября - 21 октября 1892 г.
215##$a39 л.
$d36,5х26 см
251##$cДело
300##$aНа бланке обложки указано: "Разряд учительских семинарий и начальных училищ"
300##$aНа обложке указано: "Тверь"
371##$aДокумент не является опубликованным и широко распространяемым
461#0$1001a74412a3-3cc5-4d21-8f0a-dfe2fbd9e72d
$12001
$aДепартамент народного просвещения Министерства народного просвещения (1803-1917)
$1251
$cФонд
$1852
$j733
462#0$1001eee5cd01-9790-469a-9945-6bffddbc7761
$12001
$aРазряд общих дел
$1251
$cОпись
$1852
$j228
801#0$aRU
$bРГИА
$c20221222
$gRCR
801#1$aRU
$bГлавНИВЦ
$c20221222
$2rusmarc
801#2$aRU
$bПБ им. Б.Н. Ельцина
$c20230810
$gRCR
$2rusmarc
850##$aРГИА
852##$aРГИА
$eФедеральное казенное учреждение "Российский государственный исторический архив" (РГИА)
$j33
937##$hРГИА
$d12396464
$aASBIBLIO_SCAN
035##$aRusGRCC00058804
856##$uhttp://readingroom.main.prlib.ru/item.aspx?id_node=n187147928&mode=full
Формат отображения